Empresas de familia : casos y cosas /

Detalles Bibliográficos
Autor principal: Gámez Gutiérrez, Jorge Alberto (Autor)
Otros Autores: Garzón, Jossie (Editor)
Formato: Electrónico eBook
Lenguaje:español
Publicado: Bogotá, Colombia : Editorial Uniagustiniana : Ediciones Unisalle, [2019]
Edición:Primera edición.
Materias:
Acceso en línea:Digitalia Hispánica

MARC

LEADER 00000nam a2200000Ii 4500
001 DIGUAGANA0032
003 NyNyDIG
006 m o d
007 cr |||||||||||
008 250115s2019 ck a ob 000 0 spa d
035 |a (OCoLC)1326018393 
040 |a DGITA  |b eng  |e rda  |e pn  |c DGITA 
020 |a 9789585486362  |q eBook 
020 |z 9789585486355 
043 |a s-ck--- 
050 1 4 |a HD62.25 ebook 
100 1 |a Gámez Gutiérrez, Jorge Alberto,  |e author. 
245 1 0 |a Empresas de familia :  |b casos y cosas /  |c Jorge Gámez Gutiérrez ; con la colaboración de Jossie Garzón. 
250 |a Primera edición. 
264 1 |a Bogotá, Colombia :  |b Editorial Uniagustiniana :  |b Ediciones Unisalle,  |c [2019] 
300 |a 1 online resource :  |b illustrations. 
336 |a text  |b txt  |2 rdacontent 
337 |a computer  |b c  |2 rdamedia 
338 |a online resource  |b cr  |2 rdacarrier 
347 |a text file  |2 rdaft 
347 |b PDF 
504 |a Includes bibliographical references. 
588 0 |a Online resource; title from PDF title page (Digitalia, viewed January 15, 2025) 
650 0 |a Family-owned business enterprises  |x Management  |z Colombia. 
650 0 |a Small business  |x Management. 
700 1 |a Garzón, Jossie,  |e editor.  
776 0 8 |i Print version:  |a Gámez Gutiérrez, Jorge Alberto.  |t Empresas de familia.  |b Primera edición.  |d Bogotá, Colombia : Editorial Uniagustiniana : Ediciones Unisalle, [2019]  |z 9789585486355 
791 2 |a Digitalia (Firm),  |e distributor. 
793 0 |g Digitalia eBook Collection:  |a Editorial Uniagustiniana 
856 4 0 |3 Digitalia Hispánica  |u https://www.digitaliapublishing.com/a/170026/ 
910 |a Premium collection: 2025